000 00492pam a2200193 a 4500
020 _c245.00
040 _aMedical College Libr
041 _aENG
_hENG
082 _a616.6
_bREY
100 _aReynard, John.
245 _aOxford HandBook of Urology /
_c
_hTextual Documents
260 _a :
_bOxford ,
_c2006.
300 _a290 ;
_c
365 _a245.00
653 _aUrology
_aSurgery
_aMedical Science
930 _a8033
999 _c8032
_d8032